| 000 | 00932nam a2200253Ia 4500 | ||
|---|---|---|---|
| 003 | OSt | ||
| 005 | 20220923231003.0 | ||
| 006 | a|||||r|||| 00| 0 | ||
| 007 | ta | ||
| 008 | 220922b |||||||| |||| 00| 0 hin d | ||
| 024 | _a348,678 | ||
| 037 | _cTextual | ||
| 040 |
_aARTS _cARTS _bhin |
||
| 041 |
_2hin _ahin |
||
| 082 | _aO152,1:g(P:75), L4 | ||
| 100 | _aसहाय, राजवंश 'हीरा', ले. | ||
| 245 | 0 | _aअलंकारों का ऐतिहासिक विकास | |
| 246 | _aAlankāroan kā aitihāsik vikāsa | ||
| 260 |
_aपटना _b बिहार हिन्दी ग्रंथ अकादमी _c1974 |
||
| 650 |
_a हिन्दी साहित्य _9156264 |
||
| 650 | _aहिन्दी कविता | ||
| 942 |
_hO152,1:g(P:75), L4 _cTEXL _2CC |
||
| 999 |
_c388632 _d388632 |
||